000
00252nmm a2200085Ia 4500
008
220120s9999||||xx |||||||||||||||||und||
100
_a
Chip
245
0
_a
Power tools pack, fedora 17, linux live usb creator
260
_a
Nine dot nine interactive ltd.
_c
2012
999
_c
139792
_d
139792